Star Wars - Enigmes Personnages - Statistiques

Statistiques générales
  • Ce quiz a été pris 697 fois
  • Le résultat moyen est 13 sur 15
Statistiques - réponses
Hint Réponse % Correct
Poilu, grognon, fidèle Chewbacca
96%
Petit, vert, très vieux. Yoda
96%
Doré, bavard, souvent inquiet. C-3PO
94%
Héritière rebelle, générale, sœur. Leia Organa
93%
Choisi, trahi, masque noir. Anakin Skywalker / Dark Vador
92%
Rouge, silencieux, coupé en deux. Dark Maul
92%
Frimeur, pilote, tire le premier. Han Solo
92%
Hutte puissant, roi du crime. Jabba le Hutt
91%
Lame violette, mort par trahison. Mace Windu
91%
Reine, mère, morte d’amour. Padmé Amidala
91%
Sabre instable, âme brisée. Kylo Ren / Ben Solo
83%
Deux soleils, sabre vert, fils caché. Luke Skywalker
83%
Fille de personne, mais puissante. Rey
83%
Masqué, traqueur, tombe dans un trou. Boba Fett
79%
Flic de l’espace, armure chromée. Capitaine Phasma
73%
Aucun quiz correspondant
Distribution des résultats
% des personnes avec chaque résultat
Percentile par nombre de réponses
Votre historique - résultats
Vous n’avez pas pris ce quiz